Pokémon - Les attaques de Victini - Statistiques

Statistiques générales
  • Ce quiz a été pris 24 fois
  • Le résultat moyen est 8 sur 18
Statistiques - réponses
Niveaux Types Noms des attaques % Correct
Départ Feu Coup Victoire
92%
Départ Feu Nitrocharge
77%
Niveau 77 Feu Boutefeu
69%
Niveau 14 Feu Calcination
69%
Départ Psy Choc Mental
69%
Niveau 63 Feu Incendie
69%
Niveau 42 Psy Psykoud'Boul
62%
Niveau 91 Combat Tout ou Rien
54%
Départ Normal Vive-Attaque
46%
Niveau 49 Feu Feu d'Enfer
38%
Niveau 84 Feu Surchauffe
38%
Niveau 56 Combat Contre
31%
Niveau 70 Normal Damoclès
31%
Niveau 21 Psy Force Ajoutée
23%
Niveau 28 Normal Coup d'Boule
15%
Niveau 7 Normal Rengorgement
15%
Niveau 35 Normal Ténacité
15%
Départ Normal Puissance
8%
Aucun quiz correspondant
Distribution des résultats
% des personnes avec chaque résultat
Percentile par nombre de réponses
Votre historique - résultats
Vous n’avez pas pris ce quiz